ბათუმის შოთა რუსთაველის სახელმწიფო უნივერსიტეტის ბიბლიოთეკა

ქართული საბავშვო ლიტერატურა : (ბიბ.ჩანაწერი № 59675)

000 -ლიდერი
ფიქსირებული სიგრძის საკონტროლო ველი 00587nam a22001097a 4500
008 - ფიქსირებული სიგრძის მონაცემები--ზოგადი ცნობები
ფიქსირებული სიგრძის საკონტროლო ველი 230331b xxu||||| |||| 00| 0 geo d
080 ## - UDC
UDC 8Ю (075.3) ჩ-318
100 ## - პირველი ავტორი--პიროვნების სახელი
პიროვნების სახელი ჩაჩიბაია, არჩილ, ავტორი.
9 (RLIN) 17402
245 ## - ცნობა სათაურზე
სათაური ქართული საბავშვო ლიტერატურა :
ქვესათაური [სახელმძღვ. პედ. ინ-ტების სტუდ.] /
ცნობა პასუხისმგებლობის და ასშ შესახებ არჩილ ჩაჩიბაია.
250 ## - ცნობა გამოცემაზე
ცნობა გამოცემის შესახებ მე-2 შევს. გამოც.
264 ## - გამოცემის, წარმოების, დისტრიბუციის ცნობები
გამოცემის, წარმოების, დისტრიბუციის... ადგილი თბილისი :
გამოცემის, წარმოების, დისტრიბუციის... სახელწოდება განათლება,
გამოცემის, წარმოების, დისტრიბუციის... თარიღი 1990.
ეგზემპლარები
ჩამოწერის სტატუსი დაკარგვის სტატუსი კლასიფიკაციის ან თაროზე გაწყობის წყარო დაზიანების სტატუსი Koha normalized classification for sorting არ გაიცემა ადგილმდებარეობა (ბიბლიოთეკა - შენახვის ადგილი) დროებითი ადგილმდებარეობა (ბიბლიოთეკა - შენახვის ადგილი) თაროზე განთავსების ადგილი შემოსვლის თარიღი Koha სრული შენახვის შიფრი ობიექტის მსაზღრელი (შტრიხკოდი) Koha ბოლო ოპერაციის დრო ფასის დაფიქსირების თარიღი Koha დოკუმენტის სახეობა
        8Ю_0753_ჩ318   ბათუმის შოთა რუსთაველის სახელმწიფო უნივერსიტეტის მთავარი ბიბლიოთეკა ბათუმის შოთა რუსთაველის სახელმწიფო უნივერსიტეტის მთავარი ბიბლიოთეკა წიგნსაცავი 2023-03-31 8Ю (075.3) ჩ-318 სწ 79574 2023-03-31 2023-03-31 წიგნი